00640 2200193 4500001002100000005001500021035002000036007000300056008003900059082000700098084001300105100001700118245020400135250001000339260004600349300002400395600001200419990001500431INLIS00000000000989220260417091506 a0010-0426000274ta260417 | | |  a51 a51 REZ a0 aREZA SAPUTRA1 aANALISIS OPERASIONAL DAN TARIF MODA ANGKUTAN FERI PENYEBRANGAN SUNGAI STUDI KASUS: JALUR PENYEBRANGAN SUNGAI DESA TELUK LAWAH KECAMATAN TEWAH, KABUPATEN GUNUNG MAS, KALIMANTAN TENGAH /cREZA SAPUTRA aCet 1 aPalangka Raya :bPerpustakaan UMPR,c2023 aix, 41 hlm :bilus. 4aSKRIPSI a1751018646